000 00807nam a2200253Ia 4500
003 GCL
008 140319s9999 xx 000 0 ara d
040 _aGCL /
_cGCL
082 0 4 _a327.11
_bع ا
100 1 _aعبدالعظيم رمضان
245 1 0 _aاوهام هيكل وحقائق حرب الخليج /
_cعبدالعظيم رمضان
260 _a[S.N] :
_bالهيئة المصرية العامة للكتاب ،
_c1993
300 _a415 ص
490 _a
650 0 4 _aالكويت
650 0 4 _aمصر
650 0 4 _aالعراق
650 0 4 _aالولايات المتحدة الامريكية
650 0 4 _aالشرق الاوسط
650 0 4 _aحرب الخليج
650 0 4 _aالعمليات الحربية
650 0 4 _aالعمليات العسكرية
942 _2ddc
_cBK
999 _c30573
_d30573